| 000 | 00678nam a2200241Ia 4500 | ||
|---|---|---|---|
| 003 | OSt | ||
| 005 | 20220912151409.0 | ||
| 006 | a|||||r|||| 00| 0 | ||
| 007 | ta | ||
| 008 | 220909b |||||||| |||| 00| 0 eng d | ||
| 024 | _a21954 | ||
| 037 | _cTextual | ||
| 040 |
_aCSL _beng _cCSL |
||
| 041 | _aeng | ||
| 082 | _aB313, K8 | ||
| 100 | _aSanin N A | ||
| 245 | 0 | _aConstructive real numbers and constructive function spaces | |
| 260 |
_aRhode _bIsland American Mathematical Society _c1968 |
||
| 300 |
_aiv,325p. _ccm. |
||
| 490 | _aTranslations of Mathematical Monographs; Vol. 21 | ||
| 942 |
_hB313, K8 _cTEXL _2CC |
||
| 999 |
_c67550 _d67550 |
||